[Event "12th Africa-ch (w)"]
[Site "Livingstone ZAM"]
[Date "2018.05.20"]
[Round "9"]
[White "Sherif, Amina"]
[Black "Mezioud, Amina"]
[Result "1/2-1/2"]
[WhiteElo "1955"]
[BlackElo "2078"]
[EventDate "2018.05.13"]
[PlyCount "175"]

1.d4 Nf6 2.Nf3 e6 3.e3 b6 4.c4 Bb7 5.Nc3 Be7 6.Bd3 O-O 7.O-O c5 8.d5 exd5 
9.cxd5 d6 10.e4 a6 11.a4 Nbd7 12.Bf4 Qc7 13.h3 Rfe8 14.Re1 Bf8 15.Nd2 Ne5 
16.Bc2 Nfd7 17.Bg3 b5 18.f4 b4 19.fxe5 bxc3 20.exd6 Bxd6 21.Bxd6 Qxd6 22.
bxc3 f5 23.c4 f4 24.Qg4 a5 25.Rab1 Bc8 26.Qh4 h6 27.Nf3 Ba6 28.Bd3 Rad8 
29.Qf2 Rc8 30.Qd2 Ne5 31.Qxf4 Nxf3+ 32.Qxf3 Qe5 33.Rb6 Bxc4 34.Bxc4 Qd4+ 
35.Kh2 Qxc4 36.Rb7 Kh8 37.Qf7 Rg8 38.d6 Qc3 39.Rf1 Rcd8 40.Rd1 Qe5+ 41.Kh1
Rxd6 42.Rxd6 Qxd6 43.Qc4 Rd8 44.Rb5 Qf4 45.Rb1 Rd4 46.Qxc5 Qxe4 47.Ra1 Rd2
48.Qf8+ Kh7 49.Qf1 Qd3 50.Qf4 Rb2 51.Rc1 Rb4 52.Qe5 Rxa4 53.Kh2 Qe4 54.
Qxe4+ Rxe4 55.Rc5 Ra4 56.Kg3 Ra1 57.Rc6 a4 58.Ra6 a3 59.Kf2 a2 60.Kg3 Kg8 
61.Ra7 Kf8 62.Kf2 Ke8 63.Kg3 Kd8 64.Kh4 g6 65.Kg3 Kc8 66.Kh4 Kb8 67.Ra3 
Kb7 68.Kg3 Kb6 69.Kh4 Kb5 70.Kg3 Kc4 71.Ra8 Kd3 72.Kf2 g5 73.Rd8+ Ke4 74.
Re8+ Kf5 75.Rf8+ Kg6 76.Rg8+ Kf7 77.Ra8 h5 78.Kg3 g4 79.hxg4 h4+ 80.Kh2 
Kg6 81.Ra5 Kh6 82.Ra6+ Kg5 83.Ra5+ Kf6 84.Rf5+ Kg7 85.Ra5 Kg6 86.Ra6+ Kg5 
87.Ra4 Kg6 88.Ra5 1/2-1/2

[Event "12th Africa-ch (w)"]
[Site "Livingstone ZAM"]
[Date "2018.05.20"]
[Round "9"]
[White "Makwena, Christine"]
[Black "Latreche, Sabrina"]
[Result "0-1"]
[WhiteElo "1513"]
[BlackElo "2043"]
[EventDate "2018.05.13"]
[PlyCount "60"]

1.c4 e5 2.Nc3 Nf6 3.g3 d5 4.cxd5 Nxd5 5.Bg2 Nb6 6.Nf3 Nc6 7.a3 Be7 8.O-O 
Be6 9.b4 O-O 10.Bb2 Nc4 11.Bc1 a5 12.b5 Nd4 13.d3 Nb6 14.Rb1 Bf6 15.Ne4 
Nxf3+ 16.Bxf3 Be7 17.Bb2 f6 18.Qc2 Bd5 19.Bg2 c6 20.bxc6 Bxc6 21.Nc3 Rc8 
22.Qb3+ Kh8 23.Ba1 Nd7 24.Bxc6 Nc5 25.Qd5 Rxc6 26.Rb5 a4 27.Rbb1 Qxd5 28.
Nxd5 Bd6 29.Nb6 Rd8 30.Nc4 Bc7 0-1

[Event "12th Africa-ch (w)"]
[Site "Livingstone ZAM"]
[Date "2018.05.20"]
[Round "9"]
[White "Mwango, Makumba Lorita"]
[Black "Vilhete, Vania"]
[Result "1-0"]
[WhiteElo "1923"]
[BlackElo "1717"]
[EventDate "2018.05.13"]
[PlyCount "89"]

1.d4 d5 2.Nf3 e6 3.Bf4 c5 4.e3 Nf6 5.Be2 Nc6 6.O-O Be7 7.Nc3 a6 8.a3 O-O 
9.h3 Bd7 10.Rb1 Rc8 11.Bh2 cxd4 12.exd4 Na5 13.Na2 Nc4 14.Bd3 Ne4 15.Re1 
f5 16.Bxc4 Rxc4 17.Ne5 Rc8 18.Nxd7 Qxd7 19.f3 Nd6 20.Nc1 Bh4 21.Re2 Nc4 
22.Nd3 Qe7 23.Ra1 Bg5 24.Qe1 Rfe8 25.c3 f4 26.Ne5 Qf6 27.Nxc4 Rxc4 28.Re5 
Bh4 29.Qe2 Rcc8 30.Kh1 Re7 31.Rg1 Rf8 32.Qd2 Qh6 33.Re2 Rf6 34.g3 Bg5 35.
h4 Bxh4 36.gxh4 Qxh4 37.Rg4 Qh3 38.Rf2 h5 39.Rg5 Qh4 40.Rfg2 Qh3 41.Kg1 b5
42.Qf2 Kf7 43.Qe2 Qh4 44.Qe5 Kg8 45.Rxh5 1-0

[Event "12th Africa-ch (w)"]
[Site "Livingstone ZAM"]
[Date "2018.05.20"]
[Round "9"]
[White "Caxita, Esperanca"]
[Black "Laubscher, Anzel"]
[Result "0-1"]
[WhiteElo "1761"]
[BlackElo "1803"]
[EventDate "2018.05.13"]
[PlyCount "74"]

1.e4 c5 2.Nf3 d6 3.d4 cxd4 4.Nxd4 Nf6 5.Bd3 g6 6.Be3 Bg7 7.Nc3 O-O 8.O-O 
Ng4 9.Qd2 Nxe3 10.Qxe3 Nc6 11.Nde2 a6 12.a3 Ne5 13.Rad1 b5 14.h3 Bb7 15.f4
Nxd3 16.Rxd3 Qc7 17.f5 Rac8 18.Nd4 Qc5 19.Rf2 b4 20.axb4 Qxb4 21.Nce2 e5 
22.fxe6 fxe6 23.Rxf8+ Rxf8 24.Kh2 Be5+ 25.Ng3 Qxb2 26.Rb3 Qxd4 27.Qxd4 
Bxd4 28.Rxb7 Be5 29.h4 Rc8 30.Rb3 Rxc2 31.Kh3 Rc3 32.Rxc3 Bxc3 33.Ne2 Be5 
34.Kg4 a5 35.Nc1 Kf7 36.Kf3 a4 37.Ke3 Bg3 0-1

[Event "12th Africa-ch (w)"]
[Site "Livingstone ZAM"]
[Date "2018.05.20"]
[Round "9"]
[White "Mashane, Mary"]
[Black "Latreche, Khadidja"]
[Result "0-1"]
[WhiteElo "1285"]
[BlackElo "1888"]
[EventDate "2018.05.13"]
[PlyCount "82"]

1.e4 c5 2.Bc4 Nc6 3.Nf3 g6 4.Ng5 e6 5.d3 Bg7 6.Qf3 Qe7 7.Bb3 h6 8.Nh3 g5 
9.c3 b5 10.Na3 Rb8 11.O-O d6 12.Be3 a5 13.e5 Nxe5 14.Qe2 b4 15.Nc4 Nxc4 
16.Bxc4 e5 17.Qf3 g4 18.Qc6+ Qd7 19.Qd5 gxh3 20.Qf3 hxg2 21.Rfe1 Nf6 22.d4
cxd4 23.cxd4 e4 24.Qg3 Nh5 25.Qh4 Qg4 26.Qxg4 Bxg4 27.Kxg2 f5 28.Bd5 Bf3+ 
29.Kg1 Ke7 30.h3 Nf6 31.Bc4 d5 32.Bf1 Nh5 33.Kh2 f4 34.Bd2 Bxd4 35.Be2 
Bxe2 36.Rxe2 f3 37.Ree1 Bxf2 38.Rec1 Rbc8 39.Rd1 Rhg8 40.Bxh6 Rg2+ 41.Kh1 
Ng3# 0-1

[Event "12th Africa-ch (w)"]
[Site "Livingstone ZAM"]
[Date "2018.05.20"]
[Round "9"]
[White "Botlhole, Kgalalelo"]
[Black "Simenda, Daisy"]
[Result "1/2-1/2"]
[WhiteElo "1728"]
[BlackElo "1502"]
[EventDate "2018.05.13"]
[PlyCount "92"]

1.c4 e5 2.Nc3 Nc6 3.g3 g6 4.Bg2 Bg7 5.Nf3 Nf6 6.d3 O-O 7.O-O d6 8.e4 Nd4 
9.Be3 Bg4 10.Bxd4 exd4 11.Nd5 c5 12.Qd2 Nxd5 13.cxd5 a5 14.b3 Bxf3 15.Bxf3
b5 16.a3 b4 17.Bg2 Qe8 18.Rfe1 Qd7 19.Ra2 Rae8 20.Rea1 f5 21.axb4 axb4 22.
Ra7 Qd8 23.Rb7 Re7 24.Raa7 Rxb7 25.Rxb7 fxe4 26.Bxe4 Qa8 27.Rd7 Rd8 28.Re7
Bf8 29.Re6 Re8 30.Qg5 Qd8 31.Qg4 Rxe6 32.Qxe6+ Kg7 33.h4 Qf6 34.Qg4 h6 35.
h5 g5 36.Qd7+ Qf7 37.Qg4 Qf6 38.Qc8 Qe7 39.Qf5 Kg8 40.Kg2 Qf7 41.Qg4 Qf6 
42.Bg6 Qe5 43.Qd7 Qxd5+ 44.Kg1 Bg7 45.Qe8+ Bf8 46.Qd7 Bg7 1/2-1/2

[Event "12th Africa-ch (w)"]
[Site "Livingstone ZAM"]
[Date "2018.05.20"]
[Round "9"]
[White "Banda, Maria"]
[Black "Francis, Onkemetse Linda"]
[Result "0-1"]
[WhiteElo "1584"]
[BlackElo "1813"]
[EventDate "2018.05.13"]
[PlyCount "48"]

1.e4 d5 2.exd5 Qxd5 3.Nc3 Qd8 4.d4 Nf6 5.Nf3 e6 6.a3 Be7 7.Be3 b6 8.h3 Bb7
9.Bd3 Nbd7 10.O-O O-O 11.Re1 c5 12.Ne5 cxd4 13.Bxd4 Nc5 14.Be2 Rc8 15.f3 
Qc7 16.Nb5 Qb8 17.b4 Na6 18.Nd3 Nd7 19.Rc1 Rfd8 20.f4 Nc7 21.Nxc7 Qxc7 22.
c4 Nf6 23.Be5 Qd7 24.Qb3 Bd6 0-1

[Event "12th Africa-ch (w)"]
[Site "Livingstone ZAM"]
[Date "2018.05.20"]
[Round "9"]
[White "Angolikin, Goretti"]
[Black "Desiderata, Nkhoma"]
[Result "1/2-1/2"]
[WhiteElo "1701"]
[BlackElo "1481"]
[EventDate "2018.05.13"]
[PlyCount "60"]

1.e4 e5 2.Nf3 Nc6 3.Bc4 Bc5 4.c3 Nf6 5.d4 exd4 6.e5 Ng4 7.Bxf7+ Kf8 8.cxd4
Bb4+ 9.Nc3 h6 10.Bb3 h5 11.O-O Ne7 12.h3 Nh6 13.Ng5 Nef5 14.Nd5 Be7 15.
Nxe7 Qxe7 16.a3 c6 17.Re1 d5 18.exd6 Qxd6 19.Be3 Bd7 20.Qf3 Be8 21.Bc1 Bg6
22.Ne6+ Kg8 23.Qf4 Qxf4 24.Nxf4+ Bf7 25.Bxf7+ Kxf7 26.Nd3 Rad8 27.Bxh6 
Nxh6 28.Ne5+ Kf6 29.Nf3 Nf5 30.Rad1 g6 1/2-1/2